Statistics for Songs by Musical - Tile Select #2

Click here to take the quiz!

General Stats

  • This quiz has been taken 150 times
  • The average score is 82 of 100

Answer Stats

QuestionTileSelect% Correct
ChicagoWait For ItNo
94%
ChicagoOn This Night of a Thousand StarsNo
93%
ChicagoSatisfiedNo
93%
ChicagoThe Rain in SpainNo
93%
EvitaAll That JazzNo
92%
HamiltonAll That JazzNo
92%
My Fair LadyAll That JazzNo
92%
ChicagoA PuzzlementNo
92%
HamiltonBuenos AiresNo
92%
HamiltonCell Block TangoNo
92%
ChicagoDon't Cry for Me ArgentinaNo
92%
HamiltonDon't Cry for Me ArgentinaNo
92%
ChicagoHello Young LoversNo
92%
HamiltonI Could Have Danced All NightNo
92%
HamiltonRazzle DazzleNo
92%
HamiltonRoxieNo
92%
HamiltonThe Rain in SpainNo
92%
ChicagoWouldn't It Be LoverlyNo
92%
ChicagoYorktown (The World Turned Upside Down)No
92%
EvitaYorktown (The World Turned Upside Down)No
92%
ChicagoAnother Suitcase in Another HallNo
91%
My Fair LadyBuenos AiresNo
91%
ChicagoGetting to Know YouNo
91%
EvitaRoxieNo
91%
HamiltonWouldn't It Be LoverlyNo
91%
HamiltonAnother Suitcase in Another HallNo
90%
ChicagoBuenos AiresNo
90%
My Fair LadyCell Block TangoNo
90%
My Fair LadyDon't Cry for Me ArgentinaNo
90%
HamiltonGetting to Know YouNo
90%
EvitaMy ShotNo
90%
EvitaRazzle DazzleNo
90%
My Fair LadyRazzle DazzleNo
90%
EvitaSatisfiedNo
90%
HamiltonShall We Dance?No
90%
ChicagoShall We Dance?No
90%
EvitaWouldn't It Be LoverlyNo
90%
EvitaGetting to Know YouNo
89%
ChicagoI Could Have Danced All NightNo
89%
My Fair LadyMy ShotNo
89%
HamiltonOn This Night of a Thousand StarsNo
89%
My Fair LadyRoxieNo
89%
EvitaWait For ItNo
89%
ChicagoWith a Little Bit of LuckNo
89%
My Fair LadyYorktown (The World Turned Upside Down)No
89%
My Fair LadySatisfiedNo
88%
The King and IAll That JazzNo
87%
EvitaCell Block TangoNo
87%
The King and IDon't Cry for Me ArgentinaNo
87%
HamiltonHello Young LoversNo
87%
The King and IMy ShotNo
87%
ChicagoMy ShotNo
87%
My Fair LadyWait For ItNo
87%
EvitaWith a Little Bit of LuckNo
87%
HamiltonWith a Little Bit of LuckNo
87%
EvitaA PuzzlementNo
86%
The King and ICell Block TangoNo
86%
The King and IWait For ItNo
86%
The King and IYorktown (The World Turned Upside Down)No
86%
ChicagoAll That JazzYes
85%
The King and IBuenos AiresNo
85%
EvitaDon't Cry for Me ArgentinaYes
85%
The King and IRoxieNo
85%
EvitaShall We Dance?No
85%
EvitaI Could Have Danced All NightNo
84%
EvitaHello Young LoversNo
83%
The King and IRazzle DazzleNo
83%
My Fair LadyAnother Suitcase in Another HallNo
82%
My Fair LadyOn This Night of a Thousand StarsNo
82%
My Fair LadyShall We Dance?No
82%
EvitaThe Rain in SpainNo
82%
The King and IWouldn't It Be LoverlyNo
82%
ChicagoCell Block TangoYes
81%
My Fair LadyA PuzzlementNo
80%
My Fair LadyHello Young LoversNo
80%
The King and ISatisfiedNo
80%
The King and IAnother Suitcase in Another HallNo
79%
HamiltonMy ShotYes
79%
The King and IThe Rain in SpainNo
79%
EvitaBuenos AiresYes
78%
HamiltonA PuzzlementNo
76%
ChicagoRoxieYes
75%
HamiltonYorktown (The World Turned Upside Down)Yes
74%
My Fair LadyGetting to Know YouNo
73%
ChicagoRazzle DazzleYes
73%
HamiltonWait For ItYes
73%
The King and IWith a Little Bit of LuckNo
73%
My Fair LadyWouldn't It Be LoverlyYes
73%
The King and II Could Have Danced All NightNo
68%
The King and IOn This Night of a Thousand StarsNo
65%
My Fair LadyThe Rain in SpainYes
64%
HamiltonSatisfiedYes
62%
The King and IGetting to Know YouYes
61%
The King and IShall We Dance?Yes
59%
My Fair LadyI Could Have Danced All NightYes
53%
EvitaAnother Suitcase in Another HallYes
45%
My Fair LadyWith a Little Bit of LuckYes
42%
EvitaOn This Night of a Thousand StarsYes
39%
The King and IHello Young LoversYes
34%
The King and IA PuzzlementYes
32%

Score Distribution

Percentile by Number Answered

Percent of People with Each Score

Your Score History

You have not taken this quiz